Statistics for Perineum - 2

Click here to take the quiz!

General Stats

  • This quiz has been taken 3 times
  • The average score is 7 of 15

Answer Stats

HintAnswer% Correct
What is the name for the part on the poles of the testis to which the vas attatch?Epididymis
100%
Wjhen the rectum enters the perineum what does it become?Anal canal
50%
What is the name of the smooth muscle found in the urinary bladder?Detrusor
50%
The prostate receives its blood supply from 2 arteries, the middle rectal and which artery that also feeds the bladder?Inferior vesical
50%
What is another term used for the upper and lower ends of the cervical canal? The internal and external...Os
50%
What is the name for the plexus of veins that drain blood from the testes to take to the testicular artery?Pampiniform
50%
What sling does it go throught to get there?Puborectal
50%
Which 'vertebral' level does the rectum begin anterior to?S3
50%
What is the name for the part of prostatic urethra in which part of the posterior urethral wall, at the entrance of the ejaculatory ducts, is raised?Seminal coliculus/verumontanum
50%
Which vertebral level to the sympathetic efferents that supply the testis derive from?T10
50%
what is the name for the double leayer of peritoneum around the testes?Tunica vaginalis
50%
Using the 9 areas of the abdomen, where is pain reffered to from the testis?Umbilical region
50%
Which set of superior and inferior arteries supply the bladder?Vesical
50%
What is the name for the part of the vagina that envelops the cervix?Fornix
0%
The superior rectal artery is the main supplier of the rectum, but which artery is it a branch of?Inferior mesenteric
0%

Score Distribution

Percentile by Number Answered

Percent of People with Each Score

Your Score History

You have not taken this quiz